A McCafé fogyasztói megítélése, a márkakiterjesztés tükrében

Bibliographic Details
Main Author: Tunkel Dávid László
Other Authors: Szánthó Dr. Zsuzsanna
Format: Thesis
Kulcsszavak:Fogyasztói attitűdök
Márka
Márkakiterjesztés
McDonald's
McCafé
Online Access:http://dolgozattar.uni-bge.hu/15431

MARC

LEADER 00000nta a2200000 i 4500
001 dolg15431
005 20200324054315.0
008 180504suuuu hu om 000 hun d
040 |a BGE Dolgozattár Repozitórium  |b hun 
041 |a hu 
100 1 |a Tunkel Dávid László 
245 1 2 |a A McCafé fogyasztói megítélése, a márkakiterjesztés tükrében  |c Tunkel Dávid László  |h [elektronikus dokumentum] 
695 |a Fogyasztói attitűdök 
695 |a Márka 
695 |a Márkakiterjesztés 
695 |a McDonald's 
695 |a McCafé 
700 1 |a Szánthó Dr. Zsuzsanna  |e ths 
856 4 0 |u http://dolgozattar.uni-bge.hu/15431/1/M%C3%A1rkakiterjeszt%C3%A9s%20-%20Tunkel%20D%C3%A1vid.pdf  |z Dokumentum-elérés